Europe General Knowledge - Statistics

General Stats
  • This quiz has been taken 57 times
  • The average score is 6 of 6
Answer Stats
Question Answer % Correct
What country's people are known as 'Greeks' Greece
100%
What is the smallest Country in land mass? Vatican City
100%
What country uses the currency 'Pound Sterling'? England
98%
Which one of these Countries is an island? Iceland
98%
What is the largest Country in land mass? Russia
98%
Is Austria landlocked? Yes
92%
No matching quizzes found
Score Distribution
Percent of People with Each Score
Percentile by Number Answered
Your Score History
You have not taken this quiz